000 01004nam0a22002531 4500
001 rc\3011132
005 20250806201020.0
035 _a(NLR Aleph) 007153652
090 _a4887
_c4887
100 _a20110923d1942 u y0rusy50 ca
101 0 _arus
102 _aRU
105 _ay z |||||
200 1 _aБокс
_eПрограмма-конспект подготовки общественных инструкторов физкультуры
_fВсесоюз. комитет по делам физ. культуры и спорта при Совнаркоме СССР
210 _aМосква
_aЛенинград
_cФизкультура и спорт
_d1942
_eМосква
215 _a44, [4] с.
_d13 см
320 _aБиблиогр.: "Литература" (с. 45)
801 0 _aRU
_bNLR
_gpsbo
801 1 _aRU
_bELAR
_2rusmarc
852 _aNLR
_jФк02 Г-2/112
942 _cBOOK
945 _aРоссийская национальная библиотека
980 _aNB
980 _aBV